Statistiken für Geschichte der Türkei durch die Jahrhunderte

Klicken Sie hier um das Quiz zu spielen!

Allgemein

  • Dieses Quiz wurde 206 mal gespielt
  • Das Durchschnittsergebnis liegt bei 5 aus 21

Antwortstatistiken

FrageAntwort% Korrekt
20. JhdGründervater der Republik TürkeiMustafa Kemal Atatürk
86%
21. JhdStaatspräsident, gegen den 2016 ein nicht erfolgreicher Putschversuch unternommen wurdeRecep Tayyip Erdoğan
81%
4. JhdKaiser, welcher Istanbul gründeteKonstantin
51%
6. JhdDiese Kirche und später Moschee und Museum wird in Konstantinopel errichtetHagia Sophia
49%
17. JhdDas Osmanische Reich scheitert katastrophal an der Eroberung dieser StadtWien
46%
18. JhdRussische Kaiserin, welche nach einem langen Krieg gegen die Osmanen die Krim erobertKatharina die Große
27%
16. JhdOsmanischer Sultan, der den Beinamen "Der Prächtige" erhältSüleyman I.
26%
12. JhdHauptstadt des Sultanats der Rum-SeldschukenKonya
21%
19. JhdNationalistische Bewegung, welche sich für liberale Reformen in der Türkei einsetzteJungtürken
17%
15. JhdOsmanischer Sultan, dem die Eroberung Konstantinopels gelingtMehmed II.
17%
13. JhdFeldzug, welcher das Lateinische Kaiserreich in Konstantinopel begründetVierter Kreuzzug
17%
1. JhdApostel aus Tarsus, welcher mehrere Gemeinden in der Türkei gründetPaulus
15%
11. JhdVolk, welches in diesem Jahrhundert in die Türkei einfälltSeldschuken
15%
14. JhdDer Sieg der Osmanen auf dem Amselfeld wird zum Nationalmythos dieser NationSerbien
15%
9. JhdSlawisches Reich, welches mehrere Kriege gegen Byzanz führtBulgarenreich
13%
7. JhdReich, welches sich rasant ausbreitete und den Süden der Türkei eroberteRashidun-Kalifat
10%
3. JhdDer Artemis-Tempel, eines der 7 Weltwunder, wird in dieser Stadt zerstörtEphesos
8%
8. Jhd"Wunderwaffe", welche eine muslimische Eroberung von Konstantinopel verhindertGriechisches Feuer
8%
2. JhdReich, welches sich bis in den Osten der Türkei erstreckte und mehrere Kriege gegen Rom führtePartherreich
7%
10. JhdBezeichnung für die nordischstämmige Leibgarde der byzantinischen KaiserWarägergarde
4%
5. JhdKonzil, auf dem der Monophysitismus verworfen wurdeKonzil von Chalcedon
2%

Verteilung der Resultate

Perzentil nach korrekt beantworteten Fragen

Anzahl Personen mit jedem Resultat

Ihre Resultats-Entwicklung

Sie haben dieses Quiz noch nicht gespielt